XI Roku 2018 wg. Tygodnika "Piłka Nożna" (Europa) - Statystyki

Ogólne statystyki
  • Ten quiz został rozwiązany 313 razy
  • Średni wynik to 10 z 11
Statystyki odpowiedzi
Pozycja Kraj Klub Zawodnik % Poprawnych
LS Portugalia Real Madryt / Juventus Cristiano Ronaldo
97%
PS Francja Monaco / PSG Kylian Mbappe
97%
ŚP Chorwacja Real Madryt Luka Modric
97%
ŚO Holandia Liverpool Virgil van Dijk
96%
BR Belgia Chelsea / Real Madryt Thibaut Courtois
92%
ŚPD Francja Chelsea N'Golo Kante
91%
LO Hiszpania Barcelona Jordi Alba
89%
ŚO Francja Real Madryt Raphael Varane
87%
ŚN Francja Atletico Antoine Griezmann
86%
PO Niemcy Bayern Joshua Kimmich
78%
ŚP Hiszpania Manchester City David Silva
75%
Nie znaleziono quizów pasujących do podanych kryteriów
Rozkład punktacji
Procent ludzi z każdym wynikiem
Percentyl według liczby udzielonych odpowiedzi
Twoja historia wyników
Nie rozwiązałeś tego quizu